[Event "Tournoi Skype 030B"]
[Site "Skype"]
[Date "????.??.??"]
[Round "9.33"]
[White "Ibanez, Bittor"]
[Black "Ponz Lazaro, Ruperto"]
[Result "0-1"]
[WhiteElo "1080"]
[BlackElo "1285"]
[PlyCount "96"]

1. e4 d5 2. exd5 Qxd5 3. Nf3 a6 4. Nc3 Qd6 5. d4 Nf6 6. Ne5 Nc6 7. Nxc6 Qxc6 8.
Bd3 Qd6 9. Be3 Ng4 10. Ne4 Qc6 11. c4 Qb6 12. Rb1 c6 13. h3 Nxe3 14. fxe3 f6
15. O-O Qc7 16. c5 Be6 17. Qh5+ Bf7 18. Qf5 e6 19. Nxf6+ gxf6 20. Qxf6 Rg8 21.
Qf4 Qxf4 22. Rxf4 Bh6 23. Rf3 Bg6 24. e4 O-O-O 25. Rf6 Be3+ 26. Kf1 Bxd4 27.
Rxe6 Bxc5 28. Bxa6 Rgf8+ 29. Ke1 Bb4+ 30. Ke2 Kd7 31. Rxg6 hxg6 32. Bxb7 Kc7
33. Ba6 Rd2+ 34. Ke3 Rxg2 35. a3 Bc5+ 36. Kd3 Bb6 37. b4 Rg3+ 38. Kd2 Rf2+ 39.
Be2 Rxa3 40. b5 Ra7 41. bxc6 Ra2+ 42. Kc3 Rfxe2 43. Kb3 Rac2 44. e5 Rxc6 45.
Rf1 Re3+ 46. Kb4 Bc5+ 47. Kc4 Re4+ 48. Kd5 Rd4# 0-1

[Event "Tournoi Skype 030B"]
[Site "Skype"]
[Date "????.??.??"]
[Round "9.34"]
[White "Bucherie, Volcy"]
[Black "Koohnavard, Neda"]
[Result "1/2-1/2"]
[WhiteElo "1274"]
[BlackElo "1000"]
[PlyCount "113"]

1. d4 d5 2. c4 e6 3. Nf3 Nc6 4. g3 b6 5. Bg2 Bb7 6. O-O Nf6 7. Nc3 Be7 8. Bf4
O-O 9. Ne5 dxc4 10. Bxc6 Bxc6 11. Nxc6 Qd7 12. Ne5 Qc8 13. Nxc4 Rd8 14. Ne5 Nd5
15. Nxd5 Rxd5 16. e4 Rd6 17. Nxf7 Kxf7 18. Bxd6 cxd6 19. f4 Qc4 20. Qh5+ Kg8
21. d5 Qd4+ 22. Rf2 Rc8 23. dxe6 Bf6 24. Qf7+ Kh8 25. e7 Qxe4 26. e8=Q+ Rxe8
27. Qxa7 Bd4 28. Raf1 Bxf2+ 29. Kxf2 Qc2+ 30. Kg1 Qxb2 31. Qf7 Qd4+ 32. Kg2
Qe4+ 33. Rf3 Qe2+ 34. Rf2 Qe4+ 35. Rf3 Qe2+ 36. Rf2 Qe4+ 37. Kh3 Qe6+ 38. Qxe6
Rxe6 39. f5 Re5 40. g4 d5 41. Kh4 d4 42. Kg5 d3 43. Rb2 Kg8 44. Rxb6 Re2 45.
Rb8+ Kf7 46. Rb7+ Re7 47. Rb2 Re2 48. Rb7+ Re7 49. Rb2 h6+ 50. Kf4 Re2 51. Rb7+
Kf6 52. Kf3 Rxa2 53. Rb6+ Kf7 54. Rd6 Rxh2 55. Rxd3 Rh3+ 56. Ke4 Rxd3 57. Kxd3
1/2-1/2

[Event "Tournoi Skype 030B"]
[Site "Skype"]
[Date "????.??.??"]
[Round "9.35"]
[White "Conde, Abigail"]
[Black "Maccaferri, Massimo"]
[Result "1-0"]
[WhiteElo "1234"]
[BlackElo "1074"]
[PlyCount "87"]

1. d4 e5 2. d5 e4 3. e3 a5 4. Ne2 b6 5. Nbc3 Ba6 6. Nxe4 Nf6 7. N4c3 Bc5 8. g3
Bb4 9. a3 Bxc3+ 10. bxc3 Nxd5 11. Qd4 Nf6 12. Qe5+ Kf8 13. a4 d6 14. Qf4 Nc6
15. e4 h6 16. Ba3 g5 17. Qf5 Bc8 18. Qf3 Bg4 19. Qd3 Ne5 20. Qe3 Nf3+ 21. Kd1
Ne5 22. h3 Bh5 23. Bg2 Nc4 24. Qd4 Nb2+ 25. Bxb2 Rc8 26. Ke1 Rg8 27. Ba3 c5 28.
Qe3 Qd7 29. c4 Qxa4 30. Qc3 Rg6 31. f4 Re8 32. g4 gxf4 33. Nxf4 Rxe4+ 34. Bxe4
Nxe4 35. Qh8+ Rg8 36. Qxh6+ Ke8 37. Nxh5 Qxc2 38. Nf6+ Kd8 39. Nxe4 Qxe4+ 40.
Kf2 Re8 41. Qxd6+ Kc8 42. Rhe1 Qd4+ 43. Qxd4 cxd4 44. Rxe8+ 1-0

[Event "Tournoi Skype 030B"]
[Site "Skype"]
[Date "????.??.??"]
[Round "9.36"]
[White "Bustos, Elias Ezequiel"]
[Black "Busto, Ricardo"]
[Result "0-1"]
[WhiteElo "1000"]
[BlackElo "1198"]
[PlyCount "40"]

1. d4 Nf6 2. Nf3 g6 3. Bf4 Bg7 4. Nbd2 O-O 5. e4 d6 6. e5 dxe5 7. dxe5 Nd5 8.
Bc4 Nxf4 9. O-O e6 10. Re1 Nd7 11. c3 c6 12. Ne4 b5 13. Bb3 Nxe5 14. Nxe5 Bxe5
15. Nc5 Qg5 16. g3 Nh3+ 17. Kf1 Bf6 18. Ne4 Qf5 19. Bc2 Bb7 20. Nd6 Qxf2# 0-1

[Event "Tournoi Skype 030B"]
[Site "Skype"]
[Date "????.??.??"]
[Round "9.37"]
[White "Colangelo, Michele"]
[Black "Mfengu, Daluthando"]
[Result "1-0"]
[WhiteElo "1189"]
[BlackElo "1000"]
[PlyCount "65"]

1. e4 e5 2. Nf3 d6 3. Bc4 Be7 4. d4 Bg4 5. dxe5 Bxf3 6. Qxf3 Nh6 7. Bxh6 O-O 8.
Bf4 dxe5 9. Bxe5 Bf6 10. Bxf6 Qxf6 11. Qxf6 gxf6 12. O-O Re8 13. Nc3 Nc6 14.
Rad1 Ne5 15. Nd5 Re6 16. Nxc7 Rc8 17. Nxe6 Nxc4 18. Rd8+ Rxd8 19. Nxd8 Nxb2 20.
Nxb7 Nc4 21. Rd1 Kg7 22. Nd6 Nb2 23. Nf5+ Kg6 24. Rd7 a5 25. Nh4+ Kg7 26. f4
Nc4 27. Nf5+ Kg6 28. Ne7+ Kg7 29. h4 Nb6 30. Rd8 Nc4 31. Rg8+ Kh6 32. Nf5+ Kh5
33. g4# 1-0

[Event "Tournoi Skype 030B"]
[Site "Skype"]
[Date "????.??.??"]
[Round "9.38"]
[White "Baker, Abi"]
[Black "Hernandez Monzon, Alejandro"]
[Result "0-1"]
[WhiteElo "1023"]
[BlackElo "1242"]
[PlyCount "82"]

1. c4 e5 2. Nc3 Nc6 3. g3 Nf6 4. Bg2 Bc5 5. Ne4 Bb6 6. c5 Ba5 7. a3 Nd4 8. b4
Bb6 9. Bb2 d5 10. Qa4+ Bd7 11. Nxf6+ gxf6 12. Qd1 a5 13. cxb6 axb4 14. Bxd5 Ba4
15. axb4 Bxd1 16. Bxb7 Rxa1 17. Bxa1 cxb6 18. Kxd1 Qc7 19. Be4 Ke7 20. e3 Qc4
21. f4 Qc2+ 22. Ke1 Qc1+ 23. Kf2 Qxa1 24. exd4 Qxd4+ 25. Kf3 h5 26. Ne2 Qxb4
27. d4 Qb3+ 28. Kf2 exd4 29. Nxd4 Qb2+ 30. Ne2 Rd8 31. Rc1 Rd2 32. Rc7+ Kf8 33.
Rc8+ Kg7 34. Bc2 Qd4+ 35. Kf3 Qd5+ 36. Be4 Rd3+ 37. Kf2 Qxe4 38. Nc3 Qf3+ 39.
Ke1 Qe3+ 40. Ne2 Rd2 41. f5 Qxe2# 0-1

[Event "Tournoi Skype 030B"]
[Site "Skype"]
[Date "????.??.??"]
[Round "9.39"]
[White "Alarcon Alarcon, Marina"]
[Black "Barajas, Nestor"]
[Result "1-0"]
[WhiteElo "1202"]
[BlackElo "1007"]
[PlyCount "131"]

1. e4 c5 2. Nf3 d6 3. Bb5+ Bd7 4. Bxd7+ Qxd7 5. d3 Nc6 6. c3 Nf6 7. h3 e5 8.
Bg5 Be7 9. Nbd2 h6 10. Bxf6 Bxf6 11. c4 O-O 12. O-O Ne7 13. Nh2 Ng6 14. Qg4
Rad8 15. Qxd7 Rxd7 16. Ndf3 Nf4 17. Rfd1 Re8 18. Kf1 Re6 19. Ng4 Bd8 20. h4 Ba5
21. g3 Nh5 22. Kg2 Nf6 23. Nxf6+ Rxf6 24. a3 Bd8 25. b4 b6 26. b5 Rg6 27. Kh3
Kh7 28. h5 Re6 29. a4 g6 30. g4 gxh5 31. gxh5 Re8 32. Rg1 Rg8 33. Rxg8 Kxg8 34.
Nh4 Kh7 35. Nf5 Bg5 36. a5 Bd8 37. a6 Bc7 38. Rg1 f6 39. Rg6 Kh8 40. Kg4 Rf7
41. Rxh6+ Rh7 42. Rxf6 Kg8 43. Rg6+ Kf7 44. Nh6+ Ke7 45. Kf5 Kf8 46. Rf6+ Kg7
47. Rg6+ Kf8 48. Rg8+ Ke7 49. Rg6 Bd8 50. Re6+ Kd7 51. Rg6 Bh4 52. Kg4 Bxf2 53.
Nf5 Be1 54. Rxd6+ Kc7 55. Re6 Bc3 56. Rg6 Kd8 57. Rg8+ Kd7 58. Rg7+ Rxg7+ 59.
Nxg7 Ke7 60. Kf5 Kf7 61. h6 Kg8 62. Kg6 Kh8 63. h7 Bd2 64. Nf5 Bc3 65. Nh6 Bd2
66. Nf7# 1-0

[Event "Tournoi Skype 030B"]
[Site "Skype"]
[Date "????.??.??"]
[Round "9.40"]
[White "Nontsikelelo, Yvonne"]
[Black "Rodriguez, Nathalie"]
[Result "0-1"]
[WhiteElo "1000"]
[BlackElo "1127"]
[PlyCount "42"]

1. e4 c5 2. c4 Nc6 3. Nc3 Nf6 4. Nf3 e5 5. d3 Be7 6. Be2 h6 7. O-O d6 8. Be3
O-O 9. h3 Nd4 10. Nxd4 cxd4 11. Bxh6 dxc3 12. Bxg7 Kxg7 13. bxc3 Rh8 14. Qd2
Nh5 15. Bxh5 Rxh5 16. f4 exf4 17. Qxf4 Be6 18. Qg3+ Rg5 19. Qf4 Qb6+ 20. Kh1
Qb2 21. h4 Qxg2# 0-1

[Event "Tournoi Skype 030B"]
[Site "Skype"]
[Date "????.??.??"]
[Round "9.41"]
[White "Montilla Bejarano, Mey"]
[Black "Trapletti, Cosetta"]
[Result "1-0"]
[WhiteElo "1116"]
[BlackElo "1000"]
[PlyCount "69"]

1. d4 d5 2. Nf3 Nf6 3. Bf4 Bf5 4. h3 e6 5. Ne5 Bd6 6. e3 O-O 7. g4 Be4 8. f3
Bg6 9. h4 h5 10. gxh5 Bxh5 11. Rg1 g6 12. Qe2 Kh8 13. Qg2 Rg8 14. Nxf7+ Kh7 15.
Nxd8 Rxd8 16. Bd3 Rg8 17. Bg5 Nbd7 18. Nc3 Rae8 19. Ne2 e5 20. dxe5 Bxe5 21.
O-O-O d4 22. e4 Ref8 23. Nf4 Nc5 24. Nxh5 Nxh5 25. Qg4 Na4 26. Qd7+ Ng7 27.
Qxa4 Bh2 28. Rh1 Bd6 29. h5 a6 30. hxg6+ Kxg6 31. Rdg1 Rxf3 32. e5+ Nf5 33.
exd6 cxd6 34. Qxd4 b5 35. Qf6# 1-0

[Event "Tournoi Skype 030B"]
[Site "Skype"]
[Date "????.??.??"]
[Round "9.44"]
[White "Abate, Luigi"]
[Black "Franco Flores, Ximena"]
[Result "0-1"]
[WhiteElo "1119"]
[BlackElo "1000"]
[PlyCount "48"]

1. d4 Nf6 2. Bf4 d6 3. e3 Nbd7 4. Nf3 g6 5. Bd3 Bg7 6. c3 O-O 7. O-O Re8 8.
Nbd2 e5 9. dxe5 dxe5 10. Bg3 e4 11. Nxe4 Nxe4 12. Qc2 Nxg3 13. fxg3 Rxe3 14.
Rad1 f5 15. Qd2 Re7 16. Nd4 c5 17. Bc4+ Kh8 18. Ne6 Qb6 19. Nxg7 Kxg7 20. Qg5
Re4 21. Bd5 Re5 22. g4 fxg4 23. Bf7 Rxg5 24. Be6 Qxe6 0-1

[Event "Tournoi Skype 030B"]
[Site "Skype"]
[Date "????.??.??"]
[Round "9.46"]
[White "Reese, Evan"]
[Black "Lai, Mattia"]
[Result "1-0"]
[WhiteElo "1107"]
[BlackElo "1000"]
[PlyCount "51"]

1. e4 c6 2. d4 d5 3. Bd3 Nf6 4. Nc3 e6 5. e5 Nfd7 6. Nf3 Be7 7. O-O O-O 8. Ne2
Na6 9. a3 b5 10. c4 b4 11. cxd5 cxd5 12. Nf4 bxa3 13. bxa3 Rb8 14. Bd2 Nb6 15.
Nh3 Qc7 16. Nfg5 Bxg5 17. Nxg5 g6 18. Qg4 Re8 19. Qh4 h5 20. Nf3 Na4 21. Rac1
Qb7 22. Qg5 Nb2 23. Be2 Re7 24. Qf6 Qb3 25. Bh6 Nd3 26. Qg7# 1-0

[Event "Tournoi Skype 030B"]
[Site "Skype"]
[Date "????.??.??"]
[Round "9.47"]
[White "Bellati, Fabio"]
[Black "Marroquin Mayhua, Silvia"]
[Result "1-0"]
[WhiteElo "1104"]
[BlackElo "1000"]
[PlyCount "63"]

1. e4 e5 2. Nf3 d6 3. Bc4 Be6 4. Bxe6 fxe6 5. O-O Nf6 6. Nc3 Be7 7. d3 Nc6 8.
Bg5 O-O 9. Qd2 h6 10. Bxf6 Bxf6 11. a3 Qe7 12. b4 a6 13. Rab1 d5 14. exd5 exd5
15. Nxd5 Qe6 16. Nxc7 Qf7 17. Nxa8 Rxa8 18. Rfe1 Re8 19. a4 Bg5 20. Qc3 Nd4 21.
Nxd4 exd4 22. Rxe8+ Qxe8 23. Qxd4 Qf7 24. h3 Bf6 25. Qf4 g5 26. Qe4 Qg7 27. b5
Kf8 28. bxa6 Qe7 29. Qxe7+ Bxe7 30. a7 Bd6 31. Rxb7 Ke8 32. a8=Q+ 1-0

[Event "Tournoi Skype 030B"]
[Site "Skype"]
[Date "????.??.??"]
[Round "9.49"]
[White "Ramirez, Luis Antonio"]
[Black "Santa Cruz, Oscar Ruben"]
[Result "1-0"]
[WhiteElo "1049"]
[BlackElo "1000"]
[PlyCount "41"]

1. d4 Nf6 2. Nf3 e6 3. e3 d5 4. c3 Bd7 5. Bd3 c5 6. Bc2 Nc6 7. Nbd2 Bd6 8. O-O
cxd4 9. exd4 O-O 10. Re1 Re8 11. Ne5 Qc7 12. Ndf3 Nxe5 13. dxe5 Bxe5 14. Nxe5
Bb5 15. Bf4 Rac8 16. Qd2 d4 17. Qxd4 Red8 18. Qe3 Nd5 19. Qg3 f6 20. Bh6 g6 21.
Nxg6 1-0

[Event "Tournoi Skype 030B"]
[Site "Skype"]
[Date "????.??.??"]
[Round "9.51"]
[White "Baratta, Giuseppe"]
[Black "Valencia Gutierrez, Victor Hugo"]
[Result "0-1"]
[WhiteElo "1000"]
[BlackElo "1000"]
[PlyCount "48"]

1. d4 d5 2. c3 Nf6 3. Bf4 e5 4. Bxe5 Ng4 5. Nf3 Nd7 6. Nbd2 Ndxe5 7. dxe5 d4 8.
Nxd4 Bc5 9. e3 Qh4 10. Bb5+ c6 11. Bxc6+ bxc6 12. Qf3 O-O 13. g3 Nxe5 14. Qg2
Nd3+ 15. Kf1 Bh3 16. N2f3 Bxg2+ 17. Kxg2 Qe4 18. b4 Ne5 19. bxc5 Rad8 20. Rad1
Rxd4 21. cxd4 Qxf3+ 22. Kg1 Qxd1+ 23. Kg2 Qf3+ 24. Kg1 Ng4 0-1

[Event "Tournoi Skype 030B"]
[Site "Skype"]
[Date "????.??.??"]
[Round "9.52"]
[White "Wildt, Gerti"]
[Black "Vervoort, Jean-Louis"]
[Result "1-0"]
[WhiteElo "1000"]
[BlackElo "1273"]
[PlyCount "121"]

1. e4 e5 2. Nf3 Nc6 3. Bc4 d6 4. O-O Bg4 5. h3 Bh5 6. c3 Nf6 7. d4 Qe7 8. Re1
O-O-O 9. Qb3 Bxf3 10. Nd2 Bxg2 11. Ba6 bxa6 12. Kxg2 Nh5 13. Nf3 Qf6 14. Qd5
Kd7 15. a4 Ne7 16. Qc4 Qg6+ 17. Kf1 Ng3+ 18. fxg3 Qxg3 19. Qe2 Qxh3+ 20. Kf2 f6
21. Ra3 g5 22. Rb3 g4 23. Ng1 Qh2+ 24. Ke3 Qf4+ 25. Kd3 Qg3+ 26. Kc2 Qh4 27.
Rb7 Nc6 28. d5 Na5 29. Rxa7 Bh6 30. Rxa6 Ra8 31. Qb5+ Ke7 32. Re2 Bxc1 33. Kxc1
Qh6+ 34. Kc2 Qh1 35. Rxa5 Rxa5 36. Qxa5 Kd7 37. Qb5+ Ke7 38. Re1 Qh2+ 39. Ne2
Qf2 40. Rd1 Qe3 41. Qd3 Qxd3+ 42. Rxd3 Rg8 43. Ng3 Rg5 44. a5 h5 45. a6 h4 46.
Nf5+ Kf7 47. Nxh4 Rg8 48. a7 Ra8 49. Rg3 Rxa7 50. Rxg4 Ra5 51. Nf5 c5 52. Rg7+
Kf8 53. Rd7 c4 54. Rxd6 Kf7 55. Rd7+ Kg6 56. d6 Kg5 57. Rg7+ Kf4 58. d7 Ra8 59.
Rf7 Kxe4 60. Rxf6 Kf4 61. Nd6+ 1-0

[Event "Tournoi Skype 030B"]
[Site "Skype"]
[Date "????.??.??"]
[Round "9.53"]
[White "Jimenez Del Rosario, Alsis Raynely"]
[Black "Gerbaux, Regis"]
[Result "1-0"]
[WhiteElo "1141"]
[BlackElo "1075"]
[PlyCount "53"]

1. b3 Nf6 2. Bb2 e6 3. e3 d5 4. Nf3 Nbd7 5. c4 dxc4 6. Bxc4 a6 7. a4 c6 8. O-O
b5 9. axb5 cxb5 10. Bxb5 Bb7 11. Bxd7+ Qxd7 12. Nc3 Be7 13. Na4 Qb5 14. Nd4 Qb4
15. Bc3 Qd6 16. f3 O-O 17. Nc2 Bd5 18. Bb4 Qc7 19. Bxe7 Qxe7 20. Nb6 Ra7 21.
Nxd5 exd5 22. Nd4 Rc8 23. Qe2 Qb7 24. Rfb1 Rc7 25. b4 Qb8 26. b5 Rcb7 27. Nc6
1-0

[Event "Tournoi Skype 030B"]
[Site "Skype"]
[Date "????.??.??"]
[Round "9.54"]
[White "Dib, Catherine"]
[Black "Schnell, Nicolas"]
[Result "1-0"]
[WhiteElo "1096"]
[BlackElo "1000"]
[PlyCount "69"]

1. Nf3 e6 2. c4 Nc6 3. g3 Nf6 4. Bg2 Bc5 5. d4 Bb6 6. Nc3 d6 7. O-O Ng4 8. a3
Qf6 9. e3 e5 10. Re1 Qh6 11. h3 Nf6 12. e4 Bxh3 13. Bxh6 gxh6 14. Bxh3 h5 15.
Bg2 Rg8 16. Nb5 O-O-O 17. b4 a6 18. Nc3 Rg6 19. Bh3+ Ng4 20. Nh4 Rf6 21. Nd5
Rxf2 22. Bxg4+ Kb8 23. Nxb6 cxb6 24. Kxf2 Nxd4 25. Bxh5 f6 26. Qg4 Rf8 27. Qg7
Rc8 28. Bg4 Rxc4 29. Qf8+ Rc8 30. Qxc8+ Ka7 31. Rac1 a5 32. Rc7 b5 33. Rxb7+
Ka6 34. Qb8 axb4 35. Ra7# 1-0

[Event "Tournoi Skype 030B"]
[Site "Skype"]
[Date "????.??.??"]
[Round "9.55"]
[White "Gagnon, Sindy"]
[Black "Grib, Jessica"]
[Result "0-1"]
[WhiteElo "1000"]
[BlackElo "1012"]
[PlyCount "94"]

1. e4 e5 2. d3 Nf6 3. Nf3 Nc6 4. d4 Nxe4 5. Be3 Bb4+ 6. c3 Ba5 7. Be2 d6 8. O-O
h5 9. Nbd2 Nf6 10. a3 Bg4 11. b4 Bb6 12. Qc2 d5 13. dxe5 Bxe3 14. fxe3 Nxe5 15.
Rab1 c6 16. a4 Qb6 17. a5 Qxe3+ 18. Rf2 Nxf3+ 19. gxf3 Bh3 20. Bf1 Qg5+ 21. Kh1
Bf5 22. Bg2 Bxc2 23. Re1+ Kd7 24. f4 Qh4 25. Rfe2 Ng4 26. Nf3 Nf2+ 27. Kg1 Nh3+
28. Bxh3+ Qxh3 29. Re7+ Kd6 30. R1e5 Qg4+ 31. Kf2 Rh6 32. Nd4 Qxf4+ 33. Ke2
Qxh2+ 34. Ke3 Qg1+ 35. Kf4 Rf6+ 36. Nf5+ Bxf5 37. c4 Qg4+ 38. Ke3 Qg3+ 39. Kd4
Qf2+ 40. Kc3 Qg3+ 41. Re3 Qf2 42. Re2 Qf3+ 43. R2e3 Qd1 44. b5 Qc1+ 45. Kd4
Qb2+ 46. Rc3 Qd2+ 47. Rd3 Qxd3# 0-1

[Event "Tournoi Skype 030B"]
[Site "Skype"]
[Date "????.??.??"]
[Round "9.56"]
[White "Vasquez Donaire, Ivis Godofredo"]
[Black "Fuentes, Francisco"]
[Result "1-0"]
[WhiteElo "1003"]
[BlackElo "1005"]
[PlyCount "141"]

1. e4 e6 2. Nf3 d5 3. Bb5+ Nd7 4. d3 Bd6 5. O-O Ngf6 6. Re1 O-O 7. Bg5 c6 8.
Ba4 Nc5 9. Bb3 Bd7 10. c3 Bc7 11. Bc2 h6 12. Be3 Ncxe4 13. dxe4 e5 14. exd5 e4
15. d6 Bb6 16. Bxb6 axb6 17. Ne5 Bc8 18. Nd2 Qxd6 19. Ndc4 Qxd1 20. Raxd1 Be6
21. Nxb6 Ra6 22. Na4 b5 23. Nc5 Rxa2 24. Nxe6 fxe6 25. Nxc6 Rxb2 26. Ne7+ Kf7
27. Bxe4 Kxe7 28. Bd5 Nxd5 29. Rxd5 b4 30. cxb4 Rxb4 31. Rde5 Rb1 32. Rxb1 Rf6
33. Rb7+ Kd6 34. Re2 g5 35. Rd2+ Ke5 36. Rb5+ Ke4 37. f3+ Ke3 38. Rbb2 e5 39.
Re2+ Kd3 40. Rxe5 Kc3 41. Ree2 h5 42. Rec2+ Kd3 43. Kf2 g4 44. Rd2+ Kc3 45.
Rbc2+ Kb3 46. Rb2+ Kc3 47. Ke2 h4 48. Rdc2+ Kd4 49. Rd2+ Kc3 50. Rb1 gxf3+ 51.
gxf3 h3 52. Rc1+ Kb4 53. Rb2+ Ka3 54. Rb5 Re6+ 55. Kd3 Rf6 56. Rf1 Ka4 57. Rh5
Rd6+ 58. Ke4 Kb4 59. f4 Kc4 60. f5 Rd4+ 61. Ke5 Kd3 62. Rxh3+ Kc4 63. f6 Rd5+
64. Ke6 Kc5 65. f7 Rd2 66. f8=Q+ Kd4 67. Qf4+ Kc5 68. Qxd2 Kc6 69. Qd5+ Kb6 70.
Rb3+ Kc7 71. Qd7# 1-0

[Event "Tournoi Skype 030B"]
[Site "Skype"]
[Date "????.??.??"]
[Round "9.57"]
[White "Cassano, Mariangela"]
[Black "Dodi, Roberto"]
[Result "0-1"]
[WhiteElo "1000"]
[BlackElo "1000"]
[PlyCount "62"]

1. d4 d5 2. Nf3 e6 3. e3 Nf6 4. Be2 Be7 5. O-O O-O 6. b3 Nbd7 7. Bb2 b6 8. c4
Bb7 9. Nbd2 Rc8 10. Bd3 a5 11. a4 c5 12. Rc1 cxd4 13. exd4 Ba6 14. Bc3 Re8 15.
Qc2 g6 16. Rfe1 b5 17. axb5 Bb7 18. b4 axb4 19. c5 bxc3 20. Qxc3 Ra8 21. Qb3
Bc8 22. Ne5 Nxe5 23. dxe5 Nd7 24. c6 Nb6 25. c7 Qd7 26. h3 Bb7 27. Nc4 dxc4 28.
Bxc4 Qxc7 29. Red1 Qxe5 30. Re1 Qg5 31. Bxe6 Qxg2# 0-1